000 00426 a2200145 4500
005 20250626060855.0
020 _a0-256-10801-3
082 _a658UND
111 _aUnderstanding Canadian Business: Study Guide for Use With,
245 _aUnderstanding Canadian Business: Study Guide for Use With,
260 _bRay E. Klapstein
_c1994
300 _aiii, 309,: ill.; figure
_c27cm
700 _aNICKELS, W. G.
942 _2ddc
_cBKS
999 _c5182
_d5182